| 000 | 00634cam a22002291 4500 | ||
|---|---|---|---|
| 001 | af 48001990 | ||
| 003 | DLC | ||
| 005 | 20260227110852.0 | ||
| 008 | 890405s1945 fr 000 1 fre c | ||
| 010 | _aaf 48001990 | ||
| 035 | _a(OCoLC)19500131 | ||
| 040 |
_aCalifornia. Univ. Libr. _cCU _dDLC |
||
| 041 | 1 |
_afre _hger |
|
| 042 | _apremarc | ||
| 050 | 0 | 0 |
_aPT2613.R334 _bR43 |
| 100 | 1 | _aGrane, John. | |
| 245 | 1 | 3 |
_aLe fugitif _b(Der Reisende) roman. _cTr. de l'allemand par Maurice Rémon. |
| 260 |
_aParis, _bA. Michel _c[1945] |
||
| 300 |
_a268 p. _c20 cm. |
||
| 700 | 1 |
_aRémon, Maurice, _d1861- _etr. |
|
| 740 | 4 | _aDer Reisende. | |
| 999 |
_c4814 _d4814 |
||